000 00635nam a2200205Ii 4500
003 JO-AjNU
008 230605s9999||||xx |||||||||||||| ||und||
017 _a2014/1/439
040 _aJO-AjNU
_bara
_erda
_cJO-AjNU
041 _aara
050 1 4 _aBF575.B36 2104
100 3 _aتاليف بنات، سهيلة محمود,
_eauthor
_961102
245 0 0 _aالارشاد الجمعي
264 3 1 _aالسلط،: المؤلف، 2014
300 _a441ص
336 _atext
_btxt
_2rdacontent
337 _aunmediated
_bn
_2rdamedia
338 _avolume
_bnc
_2rdacarrier
650 4 _aالارشاد النمفسي/القيادة
_961103
999 _aA27598
_c31166
_d31166